000 00406nam a2200145 4500
999 _c509092
_d509092
008 190423b ||||| |||| 00| 0 eng d
100 _aHaque, T.
_94693
245 _aAgricultural tranformation in aspirational districts of India
260 _c2018
300 _ap.35-43.
700 _aJoshi, P.K.
_94694
773 _aEconomic and Political Weekly
906 _aAgriculture - India
942 _2ddc
_cAR